000 00904nac a22002777a 4500
001 BR7500835
003 BR-BrBNA
005 20240105113835.0
008 230509b bl.|||m| |||| 00| 0 por d
040 _aBR-BrBNA
_bpor
_cBiblioteca Nacional de Agricultura
072 _aM10
090 _a8150 BR7500835
110 1 _aPrograma de Pesquisa e Desenvolvimento Pesqueiro do Brasil, Brasilia, DF (Brasil)
_97976
245 1 _aLevantamento de recursos pesqueiros demersais na costa do estado da Bahia [Brasil]
260 3 _aBrasilia, DF (Brasil):
_c1975.
300 _a5 p.
490 _aNavio de Pesquisa Riobaldo. Relatorio do Cruzeiro (Brazil)
_vno. 14-15
_x
500 _aNumerical data
650 _aProducao pesqueira
650 _aPeixe marinho
650 _aLagosta
650 _aCaptura
650 _aBahia
909 _a202312
_bLúcia Elande
_c55
_dLúcia Elande
942 _2AGRIS
_n0
_cMS
999 _c265884
_d265884